[Event "HCL-A125"]
[Site "www.playchess.de"]
[Date "2001.04.12"]
[Round "13"]
[White "Whatever"]
[Black "Translightor"]
[WhiteElo "1535"]
[BlackElo "1426"]
[PlyCount "54"]
[Result "0-1"]

1.e4 {Good to see you in class A. Have a good 
game}  e5 {It's always pleasant to see a pal from 
the old times again. Good luck!}  2.Nf3 {What is 
that e5 business all about?}  Nc6 {e5 business? 
Anything wrong with that move?}  3.Bc4 {I hope to 
show that in the near future :-)}  Bc5 {BTW: Thank 
you for resigning our 3rd game. But I would also 
have been contented with a draw.}  4.O-O {You 
earned it. First I would have lost it, because of 
the Rc7, second I think you could have won.}  Nf6 
{Apart from the Rc7 story, I hoped that I would 
win the position, but I wasn't able to.}  5.d3 {I 
will analyze again.}  d6 6.Bg5 h6 7.Be3 Bb6 8.c3 
O-O 9.Re1 Qe7 10.Nbd2 Nh5 11.d4 Qf6 12.Nxe5 dxe5 
13.Qxh5 exd4 14.cxd4 Bxd4 15.Rab1 Be6 16.Bxe6 Qxe6 
17.Nb3 Bxe3 18.Rxe3 b6 19.Rc1 Rac8 20.Qb5 Nb8 
21.f3 c6 22.Qa4 a6 23.Nd4 Qd7 24.Rec3 c5 25.Nf5 
Qxa4 {Oops!}  26.Ne7+ {Very nice. I'm getting too 
old for this game.}  Kh7 {Each game is a new one. 
In others you play like a young god.}  27.Nxc8 
{Thank you for the kind words. I'll resign 
shortly.}  Rxc8 {The game was tending a draw, 
although I felt a bit better with the pawn 
majority on the Queen's flan}  0-1

[Event "HCL-B286"]
[Site "www.playchess.de"]
[Date "2001.04.12"]
[Round "6"]
[White "DrJon"]
[Black "SAROS"]
[WhiteElo "1552"]
[BlackElo "1266"]
[PlyCount "31"]
[Result "1-0"]

1.d4 {have a good game from cheyenne wyoming usa}  
b6 {Hello from Istanbul}  2.e4 Bb7 3.Nc3 e6 4.Nge2 
{you are a fine player}  Bb4 5.a3 Be7 {thanks , 
but i don't think so , i have been playing 20 
years but now still intermadiate level player}  
6.Ng3 {3 years but I am 48}  Nf6 {i am 38}  7.e5 
{i have been told that the enjoyment of chess has 
little to do with the level of play, odd isn't it} 
 Nd5 {i didt understand your sentence with my poor 
English, sorry for that}  8.Nxd5 {ok my Turkish is 
worse}  Bxd5 {fortunately our same language is 
CHESS}  9.Qg4 {very good, yes chess}  g6 10.Bh6 d6 
11.Rd1 a6 12.c4 Bb7 13.Ne4 Bxe4 14.Qxe4 Nd7 15.Be2 
Bg5 16.Bxg5 1-0

[Event "ACL-A154"]
[Site "www.playchess.de"]
[Date "2001.04.12"]
[Round "8"]
[White "showgun"]
[Black "suez"]
[WhiteElo "1500"]
[BlackElo "1500"]
[PlyCount "52"]
[Result "0-1"]

1.e4 c5 2.Nf3 Nc6 3.Bc4 e6 4.O-O d5 5.exd5 exd5 
6.Re1+ Be7 7.Bb5 Nf6 8.b4 cxb4 9.Nd4 Bd7 10.c3 O-O 
11.Bxc6 bxc6 12.cxb4 Bxb4 13.a3 Bd6 14.Bb2 Qb6 
15.Qc2 Rae8 {Interesting game :)}  16.Rd1 Be5 
17.Qc3 c5 18.Qb3 Bxd4 19.Qxb6 axb6 20.Bxd4 cxd4 
21.d3 Ba4 22.Rf1 Re2 23.f3 Rc8 24.Nc3 dxc3 {ok, 
now i am confused}  25.Rae1 Rxe1 26.Rxe1 
c2 0-1

[Event "ACL-A154"]
[Site "www.playchess.de"]
[Date "2001.04.12"]
[Round "9"]
[White "suez"]
[Black "Zeus"]
[WhiteElo "1500"]
[BlackElo "1500"]
[PlyCount "54"]
[Result "0-1"]

1.e4 d6 2.d4 Nf6 3.Nc3 g6 4.f4 Bg7 5.Nf3 O-O 6.Bd3 
c5 7.dxc5 dxc5 8.Qe2 Nc6 9.e5 Nd5 10.Nxd5 Qxd5 
11.Bc4 Qd8 12.Be3 Bf5 13.Ng5 Nd4 14.Bxd4 Qxd4 
15.Nf3 Qxb2 16.O-O Qxc2 17.Qxc2 {Man, you are 
tough!}  Bxc2 {You play well also.}  18.Bd5 Bd3 
19.Rfc1 Rac8 20.Ng5 b5 21.Bxf7+ Rxf7 22.Nxf7 
{Risky, I know, but I feel this is worth the 
risk!}  Kxf7 {I like your attacking style, 
however, this is indeed risky!}  23.Rce1 c4 
24.Rac1 Bh6 25.h4 {Boy am I in big trouble 
now............... now.........}  Rc6 {It will be 
interesting from this point on, that's for sure.}  
26.g3 Ra6 27.Rca1 {Well, I was leading the tourny, 
but............}  Ra3 0-1

[Event "ACL-A154"]
[Site "www.playchess.de"]
[Date "2001.04.12"]
[Round "10"]
[White "morphy"]
[Black "suez"]
[WhiteElo "1500"]
[BlackElo "1500"]
[PlyCount "46"]
[Result "0-1"]

1.e4 c5 2.c3 e6 3.d4 d5 4.exd5 exd5 5.Nf3 Nc6 
6.Bb5 Bd6 7.O-O Nge7 8.dxc5 Bxc5 9.Nbd2 O-O 10.Nb3 
Bd6 {Do you think our battles will ever end?}  
11.Nbd4 {I hope not :)}  Bg4 12.Qa4 Qd7 13.Be3 a6 
14.Be2 Nxd4 15.Qxd4 Nc6 16.Qd2 Rfe8 17.Rad1 Rad8 
18.Rfe1 Qc7 19.h3 Bxf3 20.Bxf3 Ne5 21.Bxd5 Nc4 
{This game is getting very, very complicated.}  
22.Bxc4 {Yes and you are as sly as ever  :-|}  
Qxc4 23.Bb6 Bh2+ 0-1

[Event "HCL-C275"]
[Site "www.playchess.de"]
[Date "2001.04.12"]
[Round "9"]
[White "janaj"]
[Black "ledger"]
[WhiteElo "880"]
[BlackElo "1000"]
[PlyCount "66"]
[Result "0-1"]

1.e4 {Hallo ledger}  e5 2.Nf3 Nc6 3.c3 Nf6 4.h3 d5 
5.Bb5 dxe4 6.Nxe5 Qd5 7.Nxc6 Qxb5 8.Nd4 Qg5 9.h4 
Qxg2 10.Rf1 Bh3 11.Qe2 O-O-O 12.d3 exd3 13.Qxd3 c5 
14.Be3 cxd4 15.cxd4 Qh2 16.Nd2 Bxf1 17.Nxf1 Qxh4 
18.O-O-O Kb8 19.Kb1 Rc8 20.Nd2 Qg4 21.Nb3 Nd5 
22.Bc1 h5 23.f3 Qg2 24.Nc5 Bxc5 25.dxc5 Rxc5 
26.Rd2 Rhc8 27.a3 Qg1 28.Rd1 R5xc1+ 29.Rxc1 Rxc1+ 
30.Ka2 Rd1 31.Qc4 Ra1+ 32.Kb3 Qe3+ 33.Kc2 
Rc1+ 0-1

[Event "HCL-A124"]
[Site "www.playchess.de"]
[Date "2001.04.12"]
[Round "25"]
[White "Whatever"]
[Black "myosotis1984"]
[WhiteElo "1563"]
[BlackElo "1700"]
[PlyCount "74"]
[Result "0-1"]

1.e4 {Have a good game.}  e5 2.Nf3 Nc6 3.Bc4 Nf6 
4.Ng5 d5 5.exd5 Na5 6.Bb5+ c6 7.dxc6 bxc6 8.Qf3 
Bb7 9.Bd3 Be7 10.Nc3 c5 11.Bb5+ Kf8 12.Qh3 h6 
13.d3 Kg8 14.Nge4 Nxe4 15.dxe4 a6 16.Ba4 c4 17.Be3 
Bb4 18.Rd1 Qf6 19.f3 Kh7 20.O-O Rhd8 21.Nd5 Bxd5 
22.Rxd5 Rxd5 23.exd5 Qd6 24.Rd1 Bc5 25.Kf2 Rb8 
26.b3 cxb3 27.axb3 Bxe3+ 28.Kxe3 Qc5+ 29.Kd2 Qxd5+ 
30.Kc1 Qc5 31.Qf5+ Kg8 32.Rd7 Qe3+ 33.Kd1 Qg1+ 
34.Kd2 Qxg2+ 35.Kc1 Qg1+ 36.Kb2 Qg6 37.Qxe5 
Nc4+ 0-1

[Event "HCL-A129"]
[Site "www.playchess.de"]
[Date "2001.04.12"]
[Round "8"]
[White "bondegnasker"]
[Black "janus"]
[WhiteElo "1655"]
[BlackElo "1918"]
[PlyCount "30"]
[Result "0-1"]

1.d4 {Hello from Denmark!}  Nf6 {Hello from 
Germany - good luck for you and a thrilling game 
for us !!}  2.c4 g6 3.g3 Bg7 4.Bg2 O-O 5.Nf3 d6 
6.O-O c5 7.b3 e5 8.dxe5 dxe5 9.Bb2 e4 10.Nfd2 Qe7 
11.e3 Bg4 12.Qe1 Nc6 13.Nc3 Ne5 14.Ndxe4 Nd3 
15.Nxf6+ Qxf6 0-1

[Event "ACL-A144"]
[Site "www.playchess.de"]
[Date "2001.04.12"]
[Round "6"]
[White "fossa"]
[Black "HrDoctor"]
[WhiteElo "1500"]
[BlackElo "1500"]
[PlyCount "68"]
[Result "0-1"]

1.d3 e5 2.f4 exf4 3.Bxf4 Nc6 4.e4 d6 5.g3 Nge7 
6.Bh3 Ng6 7.Bxc8 Qxc8 8.Nc3 Nd4 9.Nf3 Nxf4 10.gxf4 
Nxf3+ 11.Qxf3 Be7 12.O-O-O c6 13.Rdg1 g6 14.Rg2 
Qc7 15.Rf1 h6 16.f5 g5 17.f6 Bf8 18.Qf5 Qd7 19.e5 
O-O-O 20.exd6 Bxd6 21.Re2 Qxf5 22.Rxf5 Bf4+ 23.Kd1 
Rhe8 24.Rxe8 Rxe8 25.Ne4 Bxh2 26.Nd6+ Bxd6 {??}  
27.Kd2 Re5 28.Rxe5 Bxe5 29.b3 {Was distracted, 
sorry for the bad play.}  g4 30.Ke3 Bxf6 31.Kf4 h5 
{no problems}  32.c4 Bg5+ 33.Kg3 f5 34.d4 
h4+ 0-1

[Event "ACL-A144"]
[Site "www.playchess.de"]
[Date "2001.04.12"]
[Round "21"]
[White "Rparkes"]
[Black "DKCozy"]
[WhiteElo "1615"]
[BlackElo "1500"]
[PlyCount "30"]
[Result "0-1"]

1.d4 d5 2.c4 e5 3.dxe5 d4 4.Nf3 Nc6 5.a3 Bg4 6.Bf4 
f6 7.exf6 Nxf6 8.Nbd2 Qd7 9.Qb3 O-O-O 10.g3 Re8 
11.Bg2 h6 12.h4 Nh5 13.Qb5 a6 {Hard to figure out, 
wery interesting !}  14.Qd5 Qe7 15.O-O 
Nf6 0-1

[Event "HCL-C287"]
[Site "www.playchess.de"]
[Date "2001.04.12"]
[Round "5"]
[White "Fulgore"]
[Black "Robs"]
[WhiteElo "1000"]
[BlackElo "1000"]
[PlyCount "21"]
[Result "1-0"]

1.d4 d5 2.e3 Bf5 3.Be2 Nc6 4.Nc3 Nf6 5.Nf3 g6 
6.O-O Qd6 7.Nb5 Rc8 8.Nxd6+ Kd8 9.Nxf7+ Kd7 
10.N3e5+ Ke6 11.c4 1-0

[Event "HCL-A134"]
[Site "www.playchess.de"]
[Date "2001.04.12"]
[Round "3"]
[White "One_i"]
[Black "janus"]
[WhiteElo "1708"]
[BlackElo "1918"]
[PlyCount "48"]
[Result "0-1"]

1.d4 {Good luck to you from Canada}  Nf6 {Good 
luck to you too and many greeting from Germany 
!!!}  2.Nf3 g6 3.Bf4 Bg7 4.e3 d6 5.Bd3 O-O 6.O-O 
c5 7.c3 Nc6 8.Nbd2 cxd4 9.cxd4 e5 10.Bg3 Re8 
11.dxe5 dxe5 12.Bb5 e4 13.Nd4 Bg4 14.Nxc6 bxc6 
15.f3 exf3 16.gxf3 cxb5 17.fxg4 Rxe3 18.Nb3 Qxd1 
19.Raxd1 Nxg4 20.Rd2 Rae8 21.Rfd1 f5 22.Bh4 Ne5 
23.Kg2 Nf3 24.R2d8 Nxh4+ 0-1

[Event "HCL-C281"]
[Site "www.playchess.de"]
[Date "2001.04.12"]
[Round "20"]
[White "thalis"]
[Black "Lukas"]
[WhiteElo "1000"]
[BlackElo "540"]
[PlyCount "97"]
[Result "1-0"]

1.e4 e5 2.f4 {Hallo! Bist Du es, Lukas "Patzer"?}  
exf4 {Ja! Hätte ich gewusst das Du es bist hätte 
ich niemals e5 gespielt. War aber eine kurze 
Pause...}  3.Nf3 {Ich hoffe, daß es gereicht hat, 
die Sucht zu brechen ... Auf ein schönes Spiel!}  
g5 {Wünsche ich auch! Obwohl ich mit dieser 
Eröffnung nicht Glücklich bin...}  4.Bc4 {Rüdiger 
hat Königsgambit hoffähig gemacht, und ich freue 
mich natürlich, Dich gleich beim ersten Tur}  g4 
{Folgt nun das Springeropfer...}  5.O-O {Da habe 
ich mich den ganzen Vormittag schon drauf gefreut 
... :-))}  gxf3 {Ist dies Deine 
Lieblingsvariante?}  6.Qxf3 {Ich spiele sie zum 
ersten Mal, nachdem ich mit Schwarz hier mal so 
das Fell über die Ohren gezogen b}  Qf6 {Weiß hat 
hier einen sehr starken Angriff! Mal schauen was 
ich dagegen setzen kann...}  7.e5 {Das "wilde" 
Muzio-Gambit ...  Ich muß noch mal los, bis 
nachher ... :-))}  Qxe5 {Bis dann...}  8.Bxf7+ 
{Ist zwar schon spät, aber der eine hier geht 
noch! Bis morgen dann ...}  Kxf7 9.d4 {Guten 
Morgen!}  Qxd4+ {Hallo! Bald hast Du nichts mehr 
zum opfern :-)}  10.Be3 {Abwarten ... ;-))}  Qf6 
11.Nc3 Ne7 12.Nd5 {Hallo Lukas! Mehr pack ich 
heute nicht mehr ... bin zu platt! Das Wochenende 
muß her! Bin gespannt w}  Qe5 {Kein Problem! Ich 
werde die Stellung halten! :-)}  13.Nxf4 {Moin 
moin!}  Ke8 {Guten Morgen! Auch wenn es schon 
etwas spät ist...}  14.Rae1 {Dieses Muziogambit 
ist wirklich faszinierend. Sehr spannend, finde 
ich!}  Qg7 {Das nächste mal spielen wir aber 
wieder Sizilianisch...}  15.Nh5 {... wenn  Du mal 
die weißen Figuren spielst! :-))}  Qg6 {Ich spiele 
nun ziemlich oft Sizilianisch. Ist auch viel 
besser als dieses hier! :)}  16.Bd4 {Dann werde 
ich mich mal sizilianisch fit machen müssen. 
Welche Variante? ;-))}  Nbc6 {Najdorf-Variante ist 
nicht schlecht...}  17.Bxh8 {Wie war denn das 
Spiel mit hercos?}  Bh6 {Er spielt sehr stark! 
Erste Partie habe ich verloren. Die zweite und 
dritte mit Glück gewonnen...}  18.Nf6+ {Jetzt habe 
ich aber lange grübeln müssen ... Es wird enger!}  
Kd8 19.Nd5 {...}  d6 20.Nxe7 {Ich kann dir nicht 
sagen, ob das so gut ausgeht; bin aber mächtig 
gespannt!}  Nxe7 {Werden wir schon sehen. Guten 
Morgen! :-)}  21.Bf6 {Guten Morgen! Wir fahren für 
ein paar Tage in den Urlaub; den Rechner nehme ich 
mit und hoffe, die e}  Bg5 {Dann wünsche ich ein 
paar schöne Tage und viel Spaß!}  22.Bxg5 {Wir 
haben heute Rüdiger besucht, er spielt superstark! 
Ich versuche weiterzuziehen ...}  Qxg5 {Nimm bitte 
keine weiteren Tipps für das Königsgambit mit, 
Danke! :-) Gruß an Euch beide...}  23.Qf8+ {Als 
Königsgambitfan ist er mit dem Spielverlauf 
durchaus zufrieden. Schöne Grüße! Bis gleich!}  
Kd7 {Mal überlegen... Ich spiele Kd7. Begründung: 
Alternativen nicht vorhanden...}  24.Rxe7+ {Mußte 
heute ein bißchen mit Antje shoppen gehen. Bin 
gespannt wie es weitergehen wird. Die anderen p}  
Qxe7 {Hatte heute nicht viel Zeit. Nun hat fast 
jeder gezogen und ich muss meine Liste 
abarbeiten...}  25.Rf7 {Das kenne ich noch zur 
Genüge! Wieviele Partien sind es denn aktuell?}  
Qxf7 {Es müssten ungefähr 25 Partien sein. Ist 
aber noch auszuhalten...}  26.Qxf7+ {Da müssen 
sich einfach kleine Fehler einschleichen, in "B" 
so ziemlich tödlich. Mal sehen, wann ich}  Kc6 
{Wenn Du zwei Partien beendet hast, kannst Du in 
ein neues Turnier. Ich freu mich drauf!}  27.c4 
{Ich schaue imme}  Bd7 28.Qd5+ {habe mir gerade 
neue Schachliteratur in HD gekauft und freue mich 
schon auf die nächsten Partien. Ma}  Kb6 {Diese 
Partie kann ich jetzt eigentlich schon 
aufgeben...}  29.b4 {ich halte jetzt schon 
Ausschau nach neuen Turnieren mit Dir, es dauert 
aber noch ...}  a6 {Das alte Problem: Die Gegner 
ziehen alle 10 Tage und sind Happy...}  30.Qd4+ 
{Das kann ich nur unterstreichen; nach 14 Tagen 
ohne Zug ohne Grund sollte Schluß sein!}  Kc6 
{Meine Antwort habe ich eben an Dich 
abgeschickt...}  31.a4 {Hoffentlich habe ich keine 
mattkombi übersehen ... oder strauchle noch ... 
ist das aufregend!}  Be8 {Erst mal Le8 und nun 
kann ich auf d7 ausweichen...}  32.Qd5+ {Sag bitte 
nicht, das ich eine mattkombi übersehen habe... Es 
ist schön, wieder einmal am Stück zu zi}  Kb6 
{Also, ich kann hier kein Matt erkennen...}  
33.c5+ {Gut. Dann kann es weitergehen! Schach! Daß 
Du nicht nach d7 ziehst, habe ich mir gedacht! 
Wegen des}  Ka7 {Dann hättest Du gleich b7 und a6 
verschluckt...}  34.cxd6 {Tut mir leid, daß es 
etwas gedauert hat... wir waren lecker chinesisch 
essen. Zum Nachtisch nun Dein}  cxd6 {Kein 
Problem...}  35.Qd4+ {Guten Morgen!}  b6 {Hallo! 
Was machen Deine anderen Partien?}  36.a5 {Da 
zieht kaum jemand. die schleppen sich sehr dahin. 
Bei dir in diesem Turnier auch? Ansonsten läuft}  
Rb8 {Meistens läuft es überall etwas schleppend. 
Durch mehrere Turniere wird das wieder 
ausgeglichen.}  37.Qxd6 {Dann wird es Zeit, die 
ersten zwei Spiele nach hause zu bringen...}  bxa5 
38.Qc5+ {So da bin ich wieder ... Gleich ist 
wieder Kaffeetrinken angesagt, mästen ohne Ende 
... Wie lange bi}  Ka8 39.Qd6 {Ich muß mich hier 
besser onzentrieren können ... Zuviel Kaffee, 
zuviel Gebäck!}  Rxb4 {Ich nehme mal den nächsten 
Bauern...}  40.Qxa6+ {Hier läuft dauernd jemand in 
meinem Rücken rum und quatscht mich an, nervig 
....}  Kb8 {Ich werde mich nicht beschweren! :-)}  
41.Qxa5 {Sag mal, habe ich hier irgendwo einen 
"Patzer" reingebaut oder Deiner Meinung nach was 
übersehen? Nu}  Rb1+ {Hmm, weis ich jetzt so auch 
nicht. Aber irgendwie sah meine Stellung mal 
schlimmer aus...}  42.Kf2 {Ja! Ich kann leider nur 
unregelmäßig ziehen, schaue nachher wieder rein; 
zuviel los hier! Ich versuc}  Rb2+ {Ich könnte 
Dich jetzt mit ein paar Seitenschachs nerven. Ob 
das hilft? - Bis später...}  43.Ke3 {Kein Problem! 
Ich finde, dies ist ein superschönes Spiel, auch 
von Deiner Verteidigung her!!!!!}  Rb3+ {Danke! 
Bis zum 10. Zug hab ich aus dem Kopf gespielt. 
Danach aber doch schnell Schwierigkeiten bekom}  
44.Kd4 {Ich schaue heute abend unregelmäßig rein 
...}  Bf7 45.Qe5+ Ka8 46.Qh8+ Ka7 {Ich mache jetzt 
eine Pause! Vielleicht gibt's noch einen Zug gegen 
Mitternacht. - Bis dann...}  47.Qxh7 {Bis dann ... 
und danke für die regelmäßigen Züge ... !}  Rb4+ 
{Für morgen muss ich mich aber abmelden. Ab 
ungefähr 18 Uhr bis irgendwann Freitag...}  48.Ke5 
{Jetzt sieht es wieder ganz ordentlich aus.}  Rb5+ 
{Ich gratuliere Dir zum Sieg! Werde dann im 
nächsten Zug aufgeben...}  49.Kf6 {Ich freue mich 
schon auf ein nächstes Spiel und gebe Dir bei 
einem neuen Turnier sofort Bescheid ...} 
 1-0

[Event "HCL-B292"]
[Site "www.playchess.de"]
[Date "2001.04.12"]
[Round "9"]
[White "Lycanth"]
[Black "Christopher"]
[WhiteElo "1211"]
[BlackElo "1165"]
[PlyCount "43"]
[Result "1-0"]

1.e4 e5 {Greetings.  Good luck.}  2.Nf3 {hello 
good luck to u}  Nf6 3.Nxe5 d6 4.Nf3 Nxe4 5.d4 d5 
6.Bd3 Nc6 7.O-O Bg4 8.Be3 Be7 9.Nbd2 Nxd2 10.Bxd2 
Nxd4 11.Be2 Nxe2+ 12.Qxe2 d4 13.Qe4 Bxf3 14.Qxf3 
c6 15.Rfe1 O-O 16.Re4 Bf6 17.Rd1 Qd5 18.b3 Qc5 
19.Rg4 Qxc2 20.Bh6 Rfe8 21.Ra1 d3 
22.Qxf6 1-0

[Event "HCL-B291"]
[Site "www.playchess.de"]
[Date "2001.04.12"]
[Round "8"]
[White "vijal"]
[Black "Colm"]
[WhiteElo "840"]
[BlackElo "1298"]
[PlyCount "52"]
[Result "0-1"]

1.d4 Nf6 2.Nf3 e6 3.Bf4 b6 4.c4 Bb7 5.a3 Be7 6.Nc3 
O-O 7.e3 d6 8.Rc1 c5 9.dxc5 dxc5 10.Be2 Nc6 11.O-O 
Nh5 12.Bg3 Nxg3 13.hxg3 Bf6 14.Qc2 Qe7 15.Bd3 g6 
16.Ne4 Bg7 17.Rfd1 Rfd8 18.Be2 Na5 19.Rxd8+ Rxd8 
20.Rd1 Rxd1+ 21.Bxd1 Bxe4 22.Qd2 Nxc4 23.Qe2 Nxb2 
24.Bc2 Bxc2 25.Qxc2 Qd7 26.Nd2 
Qd3 0-1

[Event "HCL-B298"]
[Site "www.playchess.de"]
[Date "2001.04.12"]
[Round "8"]
[White "ericlep2"]
[Black "Elrond"]
[WhiteElo "1401"]
[BlackElo "1669"]
[PlyCount "59"]
[Result "1/2-1/2"]

1.d4 Nf6 2.c4 g6 3.Nc3 d5 4.cxd5 Nxd5 5.e4 Nxc3 
6.bxc3 Bg7 7.Bc4 O-O 8.Ne2 c5 9.O-O Nc6 10.Be3 Bd7 
11.Rb1 a6 12.dxc5 Qc7 13.Nf4 e6 14.Qd6 Rac8 
15.Rfd1 Rfd8 16.Qxc7 Rxc7 17.Ne2 Ne5 18.Bb3 Rdc8 
19.f3 Bb5 20.Nc1 Nc4 21.Bxc4 Bxc4 22.Rb4 Bb5 23.c4 
Bc3 24.Rxb5 axb5 25.cxb5 R7xc5 26.Bxc5 Rxc5 27.a4 
Rc4 28.Ne2 Ba5 29.Ra1 g5 30.Kf2 1/2-1/2

[Event "HCL-C280"]
[Site "www.playchess.de"]
[Date "2001.04.12"]
[Round "23"]
[White "TuffGong"]
[Black "MEATHEAD"]
[WhiteElo "1043"]
[BlackElo "867"]
[PlyCount "62"]
[Result "0-1"]

1.d4 {I sit home and KICK ASS in chess all day, 
your next PUNK!!!}  d5 {well, hello there my 
fellow comrad}  2.Nf3 Nc6 3.e3 Nf6 4.g4 Nxg4 5.Rg1 
Qd6 6.Rxg4 {mmmmmmmmm, horse meat!}  Bxg4 {mmmm, 
castle meat}  7.h3 { "oooooooooo"you got me, you 
got me, now get the fack-outa-hair}  Bh5 {catch me 
if u can}  8.Nc3 a6 9.e4 e6 10.Qd3 Bg6 11.Nh4 Bh5 
12.Qe3 Be7 13.exd5 Bxh4 14.dxe6 fxe6 15.d5 Ne5 
16.Qd4 Nf3+ {queen meat is always the best meat, 
dont u think??}  17.Kd1 {hmmmh!! it sems i have 
underestimated your skill, now you will taste 
defeat......aaaAAAhh}  Nxd4+ {hmmm, good beee i 
itch meat!}  18.Ne2 Bxf2 19.c3 Nf3 20.Bf4 Qb6 
21.a4 O-O 22.Ra2 exd5 23.a5 Qb3+ {castle meat, i 
can smell it.}  24.Kc1 {whaT, THIS TIME U WILL 
FEEL DEFEEEEAAAAT!!! (this muthafucker must be 
cheating) DIE!!!!!!!!!! !!}  Qxa2 {i have 
improved, young grasshopper}  25.Bg2 {the show is 
over when the fat chick sings.}  Rae8 26.Bxf3 Bxf3 
27.Nd4 {.}  Rxf4 28.Nxf3 {"AHHHHH DIIIIIEEEE!!!!", 
Hey pal do me a favor,open a file for me if i 
e-mail it to you,  yeah?}  Rxf3 {aight cool}  
29.Kc2 Bh4 {let me know if it worked or not.  oh, 
by the way, checkmate is coming very soon now. :)} 
 30.Kc1 {hey great, all worked out what a pal,the 
question is how soon is very soon,66days 
perhaps?oooooo}  Rf2 {checkmate in one move}  
31.Kd1 Qa1+ 0-1

[Event "HCL-E053"]
[Site "www.playchess.de"]
[Date "2001.04.12"]
[Round "16"]
[White "Pupser"]
[Black "peze"]
[WhiteElo "2161"]
[BlackElo "2052"]
[PlyCount "42"]
[Result "1/2-1/2"]

1.e4 e5 2.Nf3 Nf6 3.Nc3 Nc6 4.d4 exd4 5.Nxd4 Bb4 
6.Nxc6 bxc6 7.Bd3 O-O 8.O-O d5 9.exd5 cxd5 10.Bg5 
c6 11.Qf3 Bd6 12.Rfe1 Rb8 13.Na4 Rb4 14.b3 Bg4 
15.Bxf6 Qxf6 16.Qxf6 gxf6 17.c3 Rbb8 18.h3 Bd7 
19.Re2 Rfe8 20.Rae1 Re6 21.Kf1 
f5 1/2-1/2

[Event "HCL-C293"]
[Site "www.playchess.de"]
[Date "2001.04.12"]
[Round "33"]
[White "Martinio"]
[Black "El-Haddad"]
[WhiteElo "1526"]
[BlackElo "1000"]
[PlyCount "25"]
[Result "1-0"]

1.e4 d5 2.exd5 Qxd5 3.Nc3 Qa5 4.d4 Nf6 5.Nf3 c6 
6.Bc4 Bf5 7.Ne5 e6 8.g4 Bg6 9.g5 Ne4 10.Qf3 Nxg5 
11.Bxg5 Nd7 {nice played :-)}  12.Nxg6 hxg6 
13.h4 1-0

[Event "ACL-E013"]
[Site "www.playchess.de"]
[Date "2001.04.12"]
[Round "9"]
[White "deepcover"]
[Black "dzwonek"]
[WhiteElo "1746"]
[BlackElo "1715"]
[PlyCount "83"]
[Result "1/2-1/2"]

1.d4 f5 {welcome again.}  2.c4 Nf6 3.g3 g6 4.Bg2 
Bg7 5.Nc3 d6 6.d5 e5 7.dxe6 Nc6 8.Bd5 Ne7 9.Qb3 c6 
10.Bg2 Qc7 11.Bf4 Bxe6 12.Qa3 Bxc4 13.Bxd6 Qd7 
14.Nf3 Bd5 15.O-O Ne4 16.Be5 Bxe5 17.Nxe5 Qe6 
18.Nxd5 Nxd5 19.Bxe4 fxe4 20.Nc4 Qe7 21.Nd6+ Kd7 
22.Nxb7 Qxa3 23.bxa3 Nc3 24.Kg2 Rab8 25.Rfc1 Rxb7 
26.Rxc3 Re8 27.Rac1 Re6 28.R1c2 h6 29.Re3 Rb5 
30.Rc4 Rbe5 31.g4 h5 32.gxh5 gxh5 33.Ra4 a5 
34.Rd4+ Kc7 35.Kg3 Rg5+ 36.Kh4 Rg4+ 37.Kxh5 Rg2 
38.Rexe4 Rxh2+ 39.Kg4 Rxe4+ 40.Rxe4 Rxf2 41.Kg3 
Rf1 42.Ra4 1/2-1/2

[Event "ACL-A151"]
[Site "www.playchess.de"]
[Date "2001.04.12"]
[Round "4"]
[White "fossa"]
[Black "airbud4233"]
[WhiteElo "1500"]
[BlackElo "1500"]
[PlyCount "58"]
[Result "0-1"]

1.e3 d5 2.c4 e6 3.Nc3 Nf6 4.Qa4+ Qd7 5.cxd5 Qxa4 
6.Nxa4 Nxd5 7.b3 Bd7 8.Bc4 Nb4 9.Kd1 b5 10.Nc5 
bxc4 11.Nxd7 Nxd7 12.bxc4 Nb6 13.Ba3 Nxc4 14.Nf3 
Nxa3 15.Rc1 Bd6 16.Ke2 Nxa2 17.Rca1 O-O 18.Rxa2 
Rfb8 19.Nd4 c5 20.Nxe6 fxe6 21.Rxa3 a5 22.g3 Rb2 
23.Rha1 c4 24.Kd1 Bxa3 25.Rxa3 Rd8 26.Rxa5 Rdxd2+ 
27.Kc1 Rdxf2 28.Ra6 c3 29.Rxe6 
Rf1+ 0-1

[Event "HCL-C291"]
[Site "www.playchess.de"]
[Date "2001.04.12"]
[Round "9"]
[White "blackwolf"]
[Black "ZenPuppie"]
[WhiteElo "1000"]
[BlackElo "896"]
[PlyCount "20"]
[Result "0-1"]

1.Nf3 Nf6 2.d4 d6 3.Nc3 Nbd7 4.g3 e5 5.d5 h6 6.e4 
a6 7.b4 c6 8.dxc6 bxc6 9.Bg2 Rb8 10.Ba3 a5 {fyi - 
away 4 the weekend}  0-1